Budapest HÉV H8 and H9 line stops - Statistics

General Stats
  • This quiz has been taken 56 times
  • The average score is 16 of 24
Answer Stats
Answer Interchange % Correct
Örs vezér tere M2, 3, 62, 62A
100%
Gödöllő S80, G80, Longdistance rail services
93%
Kistarcsa
91%
Cinkota H8
84%
Csömör
84%
Mogyoród
79%
Rákosfalva
79%
Kistarcsa, kórház
74%
Mátyásföld, repülőtér
74%
Kerepes
72%
Mátyásföld, Imre utca
72%
Nagyicce
72%
Sashalom
70%
Mátyásföld alsó
63%
Ilonatelep
58%
Szilasliget
58%
Gödöllő, Erzsébet park
56%
Zsófialiget
56%
Cinkota alsó
53%
Gödöllő, Szabadság tér
53%
Szentjakab
53%
Árpádföld
49%
Gödöllő, Palotakert
47%
Szabadságtelep
47%
No matching quizzes found
Score Distribution
Percent of People with Each Score
Percentile by Number Answered
Your Score History
You have not taken this quiz